000 01142nam a2200241Ia 4500
003 Ost
005 20260507075253.0
008 260507s9999||||xx |||||||||||||| ||und||
020 _a32365299619
040 _cfsecg
041 _aara
082 _a330
100 _aتونسي، حسين
_eمؤلف
245 0 _aتطور رأس مال الشركة و مفهوم الربح في الشركات التجارية /
_c حسين تونسي
260 _aالجزائر:
_bدار الخلدونية,
_c2008
300 _a175 صفحة؛
_c24 سم
504 _aمراجع ص.156 ؛ ملاحق ص.159
520 _aمقدمات حول الشركة ، المقصود بالشركة و أهميتها الاقتصادية و الاجتماعية ، الطبيعة القانونية للشركة و أنواعها و القواعد العامة المساهمة ، مفهوم الربح في الشركات النجارية و المقصود به ، الآثار الناتجة عن وجود الأرباح .
653 _aالشركات
653 _aالمؤسسات التجارية
653 _aرأس المال
942 _cكتاب
999 _c43709
_d43709